Traditional music from Grayson and Carroll Counties : songs, tunes, with fiddle, banjo & band.

Bibliographic Details
Corporate Authors: Smithsonian/Folkways Recordings, Folkways Records
Other Authors: Neaves, Glen, Jones, Vester, Ward, Wade, Spencer, Ed, Smith, Glenn P.
Format: CD Audio
Language:English
Published: Washington, D.C. : Smithsonian Folkways Recordings, [2003]
Series:Custom compact disc series.
Subjects:

MARC

Tag First Indicator Second Indicator Subfields
LEADER 00000cjm a2200000Ma 4500
001 in00002249113
005 20151105052454.0
007 sd fungnnmmne|
008 890111r20031962dcumun eng d
010 |a r 62000616  
028 0 0 |a FS 3811  |b Folkways Records 
028 0 0 |a FS 3811  |b Smithsonian Folkways Recordings 
028 0 0 |a F-3811  |b Folkways 
035 |a (OCoLC)ocm66074608 
035 |a (OCoLC)66074608 
040 |a UAB  |c UAB  |d TXA  |d UtOrBLW 
043 |a n-us-va 
049 |a TXAM 
055 3 |a M 1630.18  |b T763 2003 
090 |a M1629  |b .T73 2003 
245 0 0 |a Traditional music from Grayson and Carroll Counties :  |b songs, tunes, with fiddle, banjo & band. 
264 1 |a Washington, D.C. :  |b Smithsonian Folkways Recordings,  |c [2003] 
300 |a 1 sound disc :  |b digital ;  |c 4 3/4 in. 
336 |a performed music  |b prm  |2 rdacontent 
337 |a audio  |b s  |2 rdamedia 
338 |a audio disc  |b sd  |2 rdacarrier 
490 1 |a Custom compact disc series 
500 |a Smithsonian Folkways Recordings: FS 3811. 
500 |a Previously issued in 1962 as analog disc, Folkways Records: FS 3811. 
500 |a Program notes and texts of the vocal pieces (8 pages : ill.) inserted in container. 
505 0 |a Cluck old hen (3:21) -- Soldier's joy (2:51) -- Polly put the kettle on (2:04) -- Ida Red (1:29) -- Dev'lish Mary (2:28) -- Old Jimmy Sutton (2:49) -- Fire in the mountain (1:21) -- Old Ruby (3:26) -- Little love (2:42) -- Sourwood Mountain (1:07) -- Poor Ellen Smith (2:25) -- Mississippi sawyers (1:56) -- Pretty Polly (1:29) -- Katy Cline (2:19) -- Cindy (2:10) -- Groundhog (2:27) -- Hell among the yearlings (2:03) -- Sugar Hill (1:08) -- Old Joe Clark (2:18) -- Johnson Boys (2:50) -- Cripple Creek (1:07) -- Tom Dooley (2:12) -- Fortune (3:35) -- Pretty little willow (1:40) -- Sally Goodin (2:24) -- Old Jimmy Sutton (2:05) -- Handsome Molly (2:46). 
511 0 |a Performed by Glen Neaves, Vester Jones, Wade Ward, Ed Spencer and Glen Smith. 
518 |a Recorded 1958-61. 
500 |a Sound recording. 
650 0 |a Folk music  |z Virginia. 
650 0 |a Folk songs, English  |z Virginia. 
650 0 |a Country music  |z Virginia. 
700 1 |a Neaves, Glen. 
700 1 |a Jones, Vester. 
700 1 |a Ward, Wade. 
700 1 |a Spencer, Ed. 
700 1 |a Smith, Glenn P. 
710 2 |a Smithsonian/Folkways Recordings. 
710 2 |a Folkways Records. 
830 0 |a Custom compact disc series. 
994 |a C0  |b TXA 
948 |a cataloged  |b h  |c 2007/6/4  |d c  |e bhartsfi  |f 10:43:25 am 
999 |a MARS 
999 f f |s fa18d4b7-2d3e-3d7e-be79-58bfd55787f9  |i 3290c128-8fc6-325c-aff5-508467534883  |t 0 
952 f f |p ric  |a Texas A&M University  |b Rellis Campus  |c Joint Library Facility  |d Remote Storage  |t 0  |e M1629 .T73 2003  |h Library of Congress classification  |i audio -- audio disc  |m A14836277056 
998 f f |a M1629 .T73 2003  |t 0  |l Remote Storage